|
|
|
|
| LEADER |
00999cam a2200277 7i4500 |
| 001 |
0000075660 |
| 005 |
20090820090000.0 |
| 008 |
090506 |
| 022 |
# |
# |
|a 9789675366000
|
| 090 |
0 |
0 |
|a SH 151
|b .A5 2009
|
| 100 |
1 |
# |
|a Anuar Deraman
|
| 245 |
1 |
0 |
|a Ternakan ikan Tilapia
|c Anuar Deraman.
|
| 260 |
# |
# |
|a Terengganu:
|b Universiti Malaysia Terengganu,
|c 2009.
|
| 300 |
# |
# |
|a vii, 39 p.:
|b ill.23 cm..
|
| 490 |
0 |
0 |
|a Siri buku panduan
|
| 650 |
0 |
0 |
|a Fish hatcheries --
|z Malaysia
|
| 650 |
0 |
0 |
|a Tilapia
|
| 650 |
0 |
0 |
|a Fishes --
|x Breeding --
|z Malaysia
|
| 650 |
0 |
0 |
|a Freshwater fishes --
|z Malaysia
|
| 999 |
|
|
|a 1100069323
|b Book
|c Open Shelf
|e KOLEKSI TERBUKA
|
| 999 |
|
|
|a 1100069324
|b Book
|c Open Shelf
|e KOLEKSI TERBUKA
|
| 999 |
|
|
|a 1100069325
|b Book
|c Open Shelf
|e KOLEKSI TERBUKA
|
| 999 |
|
|
|a 1100069326
|b Book
|c Open Shelf
|e KOLEKSI TERBUKA
|
| 999 |
|
|
|a 1100069327
|b Book
|c Open Shelf
|e KOLEKSI TERBUKA
|
| 999 |
|
|
|a 1100069427
|b Book
|c Koleksi Arkib
|e BILIK ARKIB
|
| 999 |
|
|
|a 1100069428
|b Book
|c Koleksi Arkib
|e BILIK ARKIB
|